| 000 | 00765cam a22002653a 4500 | ||
|---|---|---|---|
| 001 | 27308 | ||
| 003 | PGUSA | ||
| 005 | 20140828083605.0 | ||
| 008 | 081121s2008||||xxu|||||s|||||000 p eng d | ||
| 040 |
_aPGUSA _beng |
||
| 042 | _adc | ||
| 050 | 4 | _aPA | |
| 100 | 1 | _aSappho | |
| 245 | 1 | 0 |
_aLes poésies de Sapho de Lesbos _h[electronic resource] / _cSappho |
| 260 |
_bProject Gutenberg, _c2008 |
||
| 506 | _aPublic domain in the USA. | ||
| 516 | _aElectronic text | ||
| 653 | _aWomen -- Greece -- Poetry | ||
| 653 | _aSappho -- Translations into French | ||
| 653 | _aLesbos Island (Greece) -- Poetry | ||
| 700 | 1 |
_aRédarez-Remy, Jules-Henry _cSaint |
|
| 830 | 0 |
_aProject Gutenberg _v27308 |
|
| 856 | 4 | 0 | _uhttp://www.gutenberg.org/ebooks/27308 |
| 942 | _cEB | ||
| 999 |
_c256563 _d256563 |
||